[Event "Imperia Savona Province-ch"]
[Site "Alassio"]
[Date "2016.01.16"]
[Round "2"]
[White "Delucis, Gabriele"]
[Black "Pesce, Leandro"]
[Result "1/2-1/2"]
[WhiteElo "1384"]
[BlackElo "1692"]
[PlyCount "41"]
[EventDate "2016.01.15"]
[EventType "swiss"]
[EventRounds "5"]
[EventCountry "ITA"]
[SourceTitle "EXT 2018"]
[Source "ChessBase"]
[SourceDate "2017.10.13"]
[SourceVersion "1"]
[SourceVersionDate "2017.10.13"]
[SourceQuality "1"]

1. Nf3 Nf6 2. b3 d6 3. Bb2 g6 4. g3 Bg7 5. Bg2 0-0 6. 0-0 c6 7. c4 e5 8. d3 Bd7 9. Nbd2 a5 10. a3 Na6 11. Re1 Re8 12. Qc2 Rb8 13. e3 c5 14. Bc3 Bc6 15. e4 b6 16. a4 Rf8 17. Rab1 Bd7 18. Re2 Qc8 19. Rbe1 Bh3 20. Bh1 Ne8 21. Ng5 1/2-1/2